00299nam a2200121Ia 4500003000400000005001700004008004100021020001900062040002700081100001600108245003300124260002000157OSt20240311094121.0170523s9999 xx 000 0 und d a978-8120341883 cIIMT UNIVERSITY MEERUT aSingh- S.N. 0aBasic Electrical Engineering aNew Delhi : PHI